Los pobres en la Europa moderna

Guardat en:
Dades bibliogràfiques
Autor principal: Woolf, Stuart (Autor)
Format: Llibre
Idioma:espanyol
Publicat: Barcelona Crítica 1989
Col·lecció:Crítica - Historia y Teoría
Matèries:
Etiquetes: Afegir etiqueta
Sense etiquetes, Sigues el primer a etiquetar aquest registre!

MARC

LEADER 00000nam a2200000 a 4500
001 UCM0483
003 CL-VaPUC
008 020301e19890000SP |||||||||||||||||spa|d
082 0 4 |a 362.57  |b WOO  |2 21 
100 0 |a Woolf, Stuart  |e author  |9 467300 
245 1 4 |a Los pobres en la Europa moderna 
300 |a 258 p 
942 |c BK 
945 |d 20020301 00:00:00  |a cmena 
260 |a Barcelona  |b Crítica  |c 1989 
650 0 |a Pobreza  |9 258652 
650 0 |a Problemas sociales  |9 258537 
650 0 |a Política gubernamental  |9 262286 
650 0 |a Acción social  |9 307836 
650 0 |a Clases sociales  |9 256858 
651 0 |a Europa  |9 255156 
583 |a last modification  |c 20160913 10:59:35  |k Rodrigo Vera 
490 0 |a Crítica - Historia y Teoría 
999 |c 299387  |d 299385 
952 |0 0  |1 0  |4 0  |6 362_570000000000000_WOO_1989  |7 0  |8 A  |9 355913  |a BIBHIS  |b BIBHIS  |d 2019-11-21  |i 3793753  |o 362.57 WOO 1989  |p 3793753  |r 2025-01-20  |w 2019-11-21  |y BK  |k HIS